000
00244nam a2200109Ia 4500
008
190216s9999||||xx |||||||||||||| ||und||
100
_a
Chugh Kl
245
0
_a
Objective Chemistry
260
_b
Kalyani Pub
_c
1995
300
_a
345p
942
_c
REF
999
_c
36199
_d
36199